<?xml version="1.0" encoding="UTF-8"?><collection xmlns="info:lc/xmlns/marcxchange-v2"><record format="Unimarc" type="bibliographic"><leader>00663nam  2200217   450 </leader><controlfield tag="001">2569776</controlfield><controlfield tag="003">http://id.bnportugal.gov.pt/bib/porbase/2569776</controlfield><datafield ind1=" " ind2=" " tag="010"><subfield code="a">0-14-015102-8</subfield></datafield><datafield ind1=" " ind2=" " tag="035"><subfield code="a">(bn)1846217</subfield></datafield><datafield ind1=" " ind2=" " tag="100"><subfield code="a">20130806d1992    m  y0pory01030103ba</subfield></datafield><datafield ind1="0" ind2=" " tag="101"><subfield code="a">eng</subfield></datafield><datafield ind1=" " ind2=" " tag="102"><subfield code="a">GB</subfield></datafield><datafield ind1=" " ind2=" " tag="106"><subfield code="a">r</subfield></datafield><datafield ind1="1" ind2=" " tag="200"><subfield code="a">?The ?portable beat reader</subfield><subfield code="f">ed. Ann Charters</subfield></datafield><datafield ind1=" " ind2="9" tag="210"><subfield code="a">Harmondsworth</subfield><subfield code="c">Penguin Books</subfield><subfield code="d">cop. 1992</subfield></datafield><datafield ind1=" " ind2=" " tag="215"><subfield code="a">XXXVI, 645, [4] p.</subfield></datafield><datafield ind1=" " ind2=" " tag="675"><subfield code="a">821.1/.8-82"19"</subfield><subfield code="v">BN</subfield><subfield code="z">por</subfield><subfield code="3">2030004</subfield></datafield><datafield ind1=" " ind2=" " tag="675"><subfield code="a">821.111(73)A/Z"19".09</subfield><subfield code="v">BN</subfield><subfield code="z">por</subfield><subfield code="3">1674182</subfield></datafield><datafield ind1=" " ind2="1" tag="702"><subfield code="a">Charters</subfield><subfield code="b">Ann</subfield><subfield code="f">1936-</subfield><subfield code="4">340</subfield><subfield code="3">2029669</subfield></datafield><datafield ind1=" " ind2="0" tag="801"><subfield code="a">PT</subfield><subfield code="b">BN</subfield><subfield code="g">RPC</subfield></datafield><datafield ind1=" " ind2=" " tag="966"><subfield code="l">BN</subfield><subfield code="m">FGMON</subfield><subfield code="p">Biblioteca Alberto de Lacerda</subfield><subfield code="s">L. 109564 P.</subfield><subfield code="x">3</subfield></datafield><datafield ind1=" " ind2=" " tag="997"><subfield code="a">BIBEOD</subfield></datafield></record></collection>